Naturaleza 7 : (Registro nro. 9985)

Detalles MARC
000 -LIDER
fixed length control field 01751nam a22003857a 4500
001 - NÚMERO DE CONTROL
Identificador de número de control 00296
003 - IDENTIFICACDOR DE NÚMERO DE CONTROL
control field DO-SdBNP
005 - DATE AND TIME OF LATEST TRANSACTION
control field 20180309122520.0
007 - CAMPOS FIJOS DE DESCRIPCIÓN FÍSICA
fixed length control field 00296
008 - ELEMENTOS DE LONGITUD FIJA
fixed length control field 160504b dr 2008||||| |||| 00| 0 spa d
020 ## - ISBN
International Standard Book Number 9789945112221 (v. 7) Guía
020 ## - ISBN
International Standard Book Number 9789945112320 (v. 7) Cuaderno
020 ## - ISBN
International Standard Book Number 9788482619392 (v. 7) Experimentos
040 ## - FUENTE DE CATALOGACIÓN
Agencia que crea de manera original el registro BPMSU
Idioma de catalogación spa
Agencia que realiza la transcripción BPMSU
092 ## - LOCALLY ASSIGNED DEWEY DECIMAL CALL NUMBER
Número de clasificación 372.257
Número de ítem (Cutter) N285e 7mo. 2008
245 ## - MENCIÓN DE TITULO
Título Naturaleza 7 :
Subtítulo educación básica /
Mención de responsabilidad Ángela Segura [et al.]; dirección editorial de Obdula García de Escobar; editora Claudia Llibre.
260 ## - PUBLICACIÓN, DISTRIBUCIÓN, ETC. (PIE DE IMPRENTA)
Lugar de publicación, distribución, etc Santo Domingo :
Nombre del editor, distribuidor, etc. Santillana,
Fecha de publicación, distribución, etc 2008
300 ## - DESCRIPCIÓN FÍSICA
Extensión 3 v. :
Otros detalles físicos il., retrs.
Dimensiones 30 cm.
490 1# - MENCIÓN DE SERIES
Mención de serie Coral
500 ## - NOTA GENERAL
Nota general La biblioteca posee guía y el cuaderno,y experimentos
505 ## - NOTA DE CONTENIDO
Texto normalizado de contenido Unidad 1. Respuestas a los estímulos.<br/>Unidad 2. La coordinación del cuerpo.<br/>Unidad 3. La locomoción<br/>Unidad 4. Herencia y evolución.<br/>Unidad 5. Los ecosistemas<br/>Unidad 6. Impacto humano en el medio ambiente<br/>Unidad 7. La materia y sus cambios<br/>Unidad 8. Estructura de la materia. Propiedades químicas<br/>Unidad 9. Los fluidos.<br/>Unidad 10. La ondas <br/>Unidad 11. Nuestro planeta en el universos
650 #4 - ENCABEZAMIENTO DE MATERIA--TEMÁTICO
Término temático o nombre geográfico como elemento de entrada CIENCIAS NATURALES
Subdivisión temática general ENSEÑANZA BÁSICA
650 #4 - ENCABEZAMIENTO DE MATERIA--TEMÁTICO
Término temático o nombre geográfico como elemento de entrada CIENCIAS NATURALES
Subdivisión temática general ESTUDIOS Y EJERCICIOS
650 #4 - ENCABEZAMIENTO DE MATERIA--TEMÁTICO
Término temático o nombre geográfico como elemento de entrada CIENCIAS SOCIALES
Subdivisión temática general LIBROS DE TEXTOS
650 #4 - ENCABEZAMIENTO DE MATERIA--TEMÁTICO
Término temático o nombre geográfico como elemento de entrada EDUCACIÓN PRIMARIA
Subdivisión geográfica REPÚBLICA DOMINICANA
650 #4 - ENCABEZAMIENTO DE MATERIA--TEMÁTICO
Término temático o nombre geográfico como elemento de entrada CIENCIAS NATURALES
Subdivisión temática general EDUCACIÓN PRIMARIA
700 12 - ASIENTO SECUNDARIO -- NOMBRE PERSONAL
Nombre personal Segura, Ángela
700 12 - ASIENTO SECUNDARIO -- NOMBRE PERSONAL
Nombre personal García de Escobar, Obdulia
Mención de responsabilidad ed.
700 12 - ASIENTO SECUNDARIO -- NOMBRE PERSONAL
Nombre personal Llibre, Claudia
Mención de responsabilidad ed.
830 #0 - ASIENTO SECUNDARIO DE SERIE--TÍTULO UNIFORME
Título uniforme Coral
910 ## - VALIDACIÓN
Validación Validado. Control de calidad MFF
942 ## - ADDED ENTRY ELEMENTS (KOHA)
Source of classification or shelving scheme Dewey Decimal Classification
Koha item type Libros
945 ## - INFORMACIÓN DE PROCESAMIENTO LOCAL
Información de procesamiento local Remanejado para la BNPHU / 2018 VM
956 ## - LOCAL ELECTRONIC LOCATION AND ACCESS (OCLC)
Nombre de host BTAVÁREZ
Existencias
Withdrawn status Lost status Source of classification or shelving scheme Damaged status Not for loan Collection code Home library Current library Date acquired Source of acquisition Total Checkouts Full call number Barcode Date last seen Price effective from Koha item type
    Dewey Decimal Classification     Colección Escolar Biblioteca Pública Metropolitana Salomé Ureña Biblioteca Pública Metropolitana Salomé Ureña 05/04/2016 Donación   372.257 N285e BPMSU16050060 05/04/2016 05/04/2016 Libros
    Dewey Decimal Classification     Colección Escolar Biblioteca Pública Metropolitana Salomé Ureña Biblioteca Pública Metropolitana Salomé Ureña 05/05/2016 Donación   372.257 N285e 7mo. 2008 v.3 Cuaderno BPMSU16050099 05/05/2016 05/05/2016 Libros
    Dewey Decimal Classification     Colección Escolar Biblioteca Pública Metropolitana Salomé Ureña Biblioteca Pública Metropolitana Salomé Ureña 05/05/2016 Donación   372.257 N285e 7mo. 2008 v.4 Experimentos BPMSU16050102 05/05/2016 05/05/2016 Libros